| 000 | 00678nam a2200241 a 4500 | ||
|---|---|---|---|
| 001 | 0001-1234 | ||
| 003 | ELIB.Books | ||
| 008 | 150601 2010 eng | ||
| 020 | _a9781414309330 | ||
| 035 | _a(ELIB.Books)0001-1389 | ||
| 092 |
_a264.23 _bPet |
||
| 100 | _aPetersen, William J. | ||
| 245 |
_aThe Complete Book of Hymns: _bInspiring Stories about 600 Hymns and Praise Songs |
||
| 260 |
_aIllinois _bTyndale House Publishers, Inc. _c2007 |
||
| 300 |
_a690 _c21.5 Cm |
||
| 500 | _aC/o Moe Tarmalar Paw | ||
| 650 | _aHymns | ||
| 856 |
_nKBTS: Library _uKBTS: Elib |
||
| 942 |
_2ddc _cBK |
||
| 990 | _a2 | ||
| 998 |
_cbat _e2015-06-01 |
||
| 999 |
_c11234 _d11234 |
||